000 00413nam a2200181Ia 4500
005 20240823042723.0
008 240823s9999||||xx |||||||||||||| ||und||
041 _aENGLISH
082 _A519.5 N2
100 _aManoharan M
245 0 _aStatistical Methods
250 _a1st
260 _c1997
_b"Palani,Tamil Nadu"
500 _aYES
650 _aStatistics
_bMathematics
942 _cBK
999 _c208531
_d208531